Statistics for Capitals of the Countries that Start with C

Click here to take the quiz!

General Stats

  • This quiz has been taken 160 times
    (134 since last reset)
  • The average score is 13 of 15

Answer Stats

CountryCapital% Correct
CanadaOttawa
98%
ChinaBeijing
97%
CubaHavana
94%
Czech RepublicPrague
94%
ColombiaBogotá
92%
ChileSantiago
92%
CroatiaZagreb
92%
CambodiaPhnom Penh
90%
CyprusNicosia
88%
Costa RicaSan José
85%
CameroonYaoundé
74%
ChadN'Djamena
71%
Cape VerdePraia
71%
Central African RepublicBangui
66%
ComorosMoroni
66%

Score Distribution

Percentile by Number Answered

Percent of People with Each Score

Your Score History

You have not taken this quiz since the last reset